• 首页
  • 本馆介绍
  • 公告通知
  • 最新文献
  • 馆藏检索
  • 电子资源
  • 读者导购
  • 参考咨询
  • 我的图书馆
  • 登录
  • 详细信息显示
  • 放入我的书架
  • 预约/预借图书
  • 作者相关作品
  • 分类相关作品
  • 丛书相关作品
  • 出版社相关作品

书目信息

  • 表格格式
  • 工作单格式
  • 卡片格式
题名:
欧阳海
    
 
作者: 谢庆德 编著
分册:  
出版信息: 长春   吉林文史出版社  2012
页数: 128页
开本: 22cm
丛书名: 100位新中国成立以来感动中国人物丛书a《100位新中国成立以来感动中国人物》丛书
单 册:
中图分类: K825.2=72 , K825.2
科图分类:
主题词:
电子资源:
ISBN: 978-7-5472-1259-2
000 01088oam2 2200289 450
001 2351996719
005 20231129021024.51
010    @a978-7-5472-1259-2@dCNY29.80
100    @a20130425d2012 em y0chiy50 ea
101 0  @achi
102    @aCN@b220000
105    @aa z 000yb
200 1  @a欧阳海@Aou yang hai@f谢庆德编著
210    @a长春@c吉林文史出版社@d2012
215    @a128页@c照片@d22cm
225 2  @@a100位新中国成立以来感动中国人物丛书a《100位新中国成立以来感动中国人物》丛书
300    @a国家出版基金项目 社会主义核心价值体系建设 “双百”出版工程项目
330    @a本书介绍了欧阳海的生平事迹,内容包括:苦难的童年、阳光下成长、百炼成钢、毛主席的好战士、探亲、一切为了需要等。
410  0 @12001 @a《100位新中国成立以来感动中国人物》丛书
410  0 @12001 @a100位新中国成立以来感动中国人物丛书a《100位新中国成立以来感动中国人物》丛书
600  0 @a欧阳海@f(1940-1963)@x生平事迹
600  0 @a欧阳海@f(1940-1963)
690    @aK825.2=72@v5
690    @aK825.2@v4
701  0 @a谢庆德@Axie qing de@4编著
801  0 @aCN@b91MARC@c20130904
905    @aZUCC@dK825.2@e419
    
    欧阳海/谢庆德编著.-长春:吉林文史出版社,2012
    128页:照片;22cm.-(100位新中国成立以来感动中国人物丛书a《100位新中国成立以来感动中国人物》丛书)
    国家出版基金项目 社会主义核心价值体系建设 “双百”出版工程项目
    
    ISBN 978-7-5472-1259-2:CNY29.80
    本书介绍了欧阳海的生平事迹,内容包括:苦难的童年、阳光下成长、百炼成钢、毛主席的好战士、探亲、一切为了需要等。
●
相关链接 在五车中查询图书 在当当中查询图书 在豆瓣中查询图书


正题名:欧阳海     索取号:K825.2/419         预约/预借

序号 登录号 条形码 馆藏地/架位号 状态 备注
1 2001014891   2001014891   培训中心一楼图书角/四033架A面2层5列/ [索取号:K825.2/419] 在馆    
2 2001014892   2001014892   培训中心一楼图书角/四033架A面2层5列/ [索取号:K825.2/419] 在馆    
3 2001014893   2001014893   培训中心一楼图书角/四033架A面2层5列/ [索取号:K825.2/419] 在馆    
4 2001014894   2001014894   第四书库/四033架A面2层5列/ [索取号:K825.2/419] 在馆    
5 2001014895   2001014895   第四书库/四31架A面1层3列/ [索取号:K825.2/419] 在馆    
6 2001014896   2001014896   第四书库/四31架A面1层3列/ [索取号:K825.2/419] 在馆    
山东省滨州职业学院图书馆 欢迎您!
大连网信软件有限公司© 版权所有